| 000 | 00919pam a2200277 i 4500 | ||
|---|---|---|---|
| 999 |
_c3580 _d3580 |
||
| 003 | OSt | ||
| 005 | 20220124111141.0 | ||
| 008 | 760723s1977 moua b 001 0 eng | ||
| 020 | _a0801604443 | ||
| 040 | _cALUPE UNIVERSITY COLLEGE | ||
| 050 | 0 | 0 |
_aRT41 _b.B27 1977 |
| 060 | _aWY100 B234a | ||
| 100 | 1 | _aBarber, Janet Miller. | |
| 245 | 1 | 0 |
_aAdult and child care : _ba client approach to nursing / _cJanet Miller Barber, Lillian Gatlin Stokes, Diane McGovern Billings. |
| 250 | _a2d ed. | ||
| 260 |
_aSt. Louis : _bC. V. Mosby Co., _c1977. |
||
| 300 |
_axiv, 1036 p. : _bill. ; _c27 cm. |
||
| 504 | _aIncludes bibliographies and index. | ||
| 650 | 0 | _aNursing. | |
| 650 | 0 | _aPediatric nursing. | |
| 650 | 2 | _aNursing care. | |
| 700 | 1 |
_aStokes, Lillian Gatlin, _ejoint author. |
|
| 700 | 1 |
_aBillings, Diane McGovern, _ejoint author. |
|
| 906 |
_a7 _bcbc _corignew _d1 _eocip _f19 _gy-gencatlg |
||
| 942 |
_2lcc _cBK _nPW |
||